Statistics for Horror Movie Franchises #2: Friday the 13th

Click here to take the quiz!

General Stats

  • This quiz has been taken 18 times
  • The average score is 8 of 12

Answer Stats

Movie% Correct
Friday the 13th
100%
Friday the 13th (2009 Remake)
100%
Friday the 13th Part 2
94%
Jason X
69%
Freddy vs. Jason
63%
Friday the 13th: The Final Chapter
63%
Friday the 13th Part III
56%
Friday the 13th Part VIII: Jason Takes Manhattan
50%
Friday the 13th Part VI: Jason Lives
50%
Jason Goes to Hell: The Final Friday
50%
Friday the 13th Part V: A New Beginning
38%
Friday the 13th Part VII: The New Blood
38%

Score Distribution

Percentile by Number Answered

Percent of People with Each Score

Your Score History

You have not taken this quiz